[Event "XtraCon-Skakligaen"]
[Site "Denmark"]
[Date "2012.10.28"]
[Round "2.8"]
[White "Holmsgaard, Henrik"]
[Black "Helledie, Anders"]
[Result "0-1"]
[WhiteElo "2294"]
[BlackElo "2236"]
[PlyCount "84"]
[EventDate "2012.10.27"]
[EventType "team-tourn"]
[EventRounds "9"]
[WhiteTeam "Bronshoj"]
[BlackTeam "Jetsmark"]
[WhiteTeamCountry "DEN"]
[BlackTeamCountry "DEN"]

1. e4 e6 2. d3 d5 3. Qe2 Nc6 4. Nf3 e5 5. g3 dxe4 6. dxe4 Bg4 7. c3 Qd7 8. Bg2
O-O-O 9. h3 Bh5 10. g4 Bg6 11. Nh4 Nge7 12. Nd2 f6 13. Nc4 Bf7 14. Ne3 Ng6 15.
Nxg6 Bxg6 16. Bd2 Bf7 17. Nd5 Ne7 18. c4 c6 19. Nxe7+ Bxe7 20. O-O-O Qd4 21.
Bf1 h5 22. gxh5 Bxh5 23. f3 g5 24. Kc2 Bb4 25. Rh2 Bxd2 26. Rf2 Qb6 27. Rxd2
Rxd2+ 28. Qxd2 Rd8 29. Qe1 Kc7 30. Bd3 Qd4 31. Qe2 Bf7 32. Rh2 Rh8 33. Qf1 Be6
34. b3 b6 35. Qh1 a5 36. h4 Rxh4 37. Rxh4 Qf2+ 38. Kb1 gxh4 39. Bf1 Qe1+ 40.
Kb2 h3 41. Qg1 h2 42. Qg2 Qh4 0-1

[Event "XtraCon-Skakligaen"]
[Site "Denmark"]
[Date "2012.10.28"]
[Round "2.1"]
[White "Andersen, Mads"]
[Black "Hector, Jonny"]
[Result "1-0"]
[WhiteElo "2461"]
[BlackElo "2539"]
[PlyCount "83"]
[EventDate "2012.10.27"]
[EventType "team-tourn"]
[EventRounds "9"]
[WhiteTeam "TeamNordeaSkb"]
[BlackTeam "Nordkalotten"]
[WhiteTeamCountry "DEN"]
[BlackTeamCountry "DEN"]

1. Nf3 d5 2. c4 c6 3. e3 Nf6 4. Nc3 e6 5. b3 Bd6 6. Bb2 O-O 7. Be2 e5 8. cxd5
cxd5 9. Nb5 Nc6 10. Nxd6 Qxd6 11. d4 e4 12. Ne5 Rb8 13. Qc1 Nb4 14. a3 Na6 15.
O-O Bf5 16. Qd2 h6 17. a4 Qe6 18. b4 Rbc8 19. b5 Nb8 20. Ba3 Rfe8 21. Qa5 Nbd7
22. Qxa7 Nxe5 23. dxe5 Nd7 24. Bd6 f6 25. Qxb7 fxe5 26. Ba3 d4 27. Rfc1 Rxc1+
28. Rxc1 d3 29. Bh5 Rb8 30. Qc6 Qb3 31. Qd6 Rb6 32. Qb4 Qd5 33. Bd1 Be6 34. Rb1
Qa2 35. a5 Rxb5 36. Qxb5 Qxa3 37. Bb3 Bxb3 38. Qxb3+ Qxb3 39. Rxb3 Nc5 40. Rb1
Kf7 41. Kf1 Ke7 42. Rb5 1-0

[Event "XtraCon-Skakligaen"]
[Site "Denmark"]
[Date "2012.10.28"]
[Round "2.2"]
[White "Ahlander, Bjorn"]
[Black "Palo, Davor"]
[Result "0-1"]
[WhiteElo "2422"]
[BlackElo "2551"]
[PlyCount "152"]
[EventDate "2012.10.27"]
[EventType "team-tourn"]
[EventRounds "9"]
[WhiteTeam "Nordkalotten"]
[BlackTeam "TeamNordeaSkb"]
[WhiteTeamCountry "DEN"]
[BlackTeamCountry "DEN"]

1. d4 Nf6 2. c4 e6 3. Nc3 Bb4 4. e3 O-O 5. Bd3 d5 6. Nf3 c5 7. O-O cxd4 8. exd4
dxc4 9. Bxc4 a6 10. Bg5 b5 11. Bb3 Bb7 12. Ne5 Be7 13. Rc1 Nbd7 14. Qe2 Nxe5
15. dxe5 Nd7 16. Bf4 Nc5 17. Bc2 Qd4 18. Qe3 Qb4 19. b3 Rfd8 20. Rfd1 g6 21. h3
Rac8 22. Bg5 Bxg5 23. Qxg5 Rd7 24. Bb1 Rcd8 25. Qxd8+ Rxd8 26. Rd2 Rd7 27. Rxd7
Kg7 28. Rd8 Bd5 29. Ne2 Qd2 30. Rc8 Qxe2 31. R8xc5 Qxe5 32. R5c3 Qg5 33. b4 h5
34. g3 Qg4 35. h4 Qe4 36. Re3 Qxb4 37. Rce1 Qd4 38. a3 Qc5 39. Bd3 a5 40. Be2
a4 41. Bf3 Bb3 42. Bd1 Ba2 43. Be2 b4 44. axb4 Qxb4 45. Rc1 a3 46. Rcc3 Qb1+
47. Bf1 Bd5 48. Rxa3 Bc4 49. Red3 e5 50. Rac3 Bxd3 51. Rxd3 e4 52. Re3 f5 53.
Kg2 Kf6 54. Ra3 Qb2 55. Ra6+ Kg7 56. Ra7+ Kh6 57. Kg1 Qc1 58. Rf7 Qc3 59. Rb7
e3 60. Re7 exf2+ 61. Kxf2 Qf6 62. Re3 f4 63. Rf3 Qd4+ 64. Kg2 fxg3 65. Rxg3
Qxh4 66. Be2 Qe4+ 67. Bf3 Qc2+ 68. Kg1 Qf5 69. Bg2 g5 70. Rb3 Qc5+ 71. Kh2 g4
72. Rd3 h4 73. Rd5 Qc7+ 74. Kg1 Qg3 75. Kf1 Qf4+ 76. Kg1 h3 0-1

[Event "XtraCon-Skakligaen"]
[Site "Denmark"]
[Date "2012.10.28"]
[Round "2.3"]
[White "Pedersen, Nicolai Vesterbaek"]
[Black "Kristensen, Kaare Hove"]
[Result "1/2-1/2"]
[WhiteElo "2443"]
[BlackElo "2336"]
[PlyCount "87"]
[EventDate "2012.10.27"]
[EventType "team-tourn"]
[EventRounds "9"]
[WhiteTeam "TeamNordeaSkb"]
[BlackTeam "Nordkalotten"]
[WhiteTeamCountry "DEN"]
[BlackTeamCountry "DEN"]

1. Nf3 d5 2. g3 Nf6 3. Bg2 c5 4. O-O Nc6 5. d3 g6 6. c4 Bg7 7. cxd5 Qxd5 8. Ng5
Qd7 9. Nc3 O-O 10. Qa4 h6 11. Bxc6 bxc6 12. Nge4 Nxe4 13. Nxe4 Qd5 14. Re1 c4
15. Qxc4 Qxc4 16. dxc4 Be6 17. Bd2 f5 18. Nc5 Bxc4 19. Bc3 Bxc3 20. bxc3 Rfd8
21. e4 Kf7 22. a4 Rab8 23. Re3 e6 24. Rae1 Rd6 25. Rf3 Rb2 26. h4 Rbd2 27. h5
Rd1 28. hxg6+ Kxg6 29. Rfe3 fxe4 30. Rxe4 Rxe1+ 31. Rxe1 Kf7 32. Rb1 a6 33. Rb4
Rd1+ 34. Kh2 Bd5 35. g4 Rh1+ 36. Kg3 Rc1 37. Rb7+ Kg6 38. Nd7 Rxc3+ 39. Kh4 Bg2
40. Ne5+ Kf6 41. Nd7+ Kg6 42. Ne5+ Kf6 43. Nd7+ Kg6 44. Ne5+ 1/2-1/2

[Event "XtraCon-Skakligaen"]
[Site "Denmark"]
[Date "2012.10.28"]
[Round "2.4"]
[White "Sylvan, Jacob"]
[Black "Pedersen, Steffen"]
[Result "1/2-1/2"]
[WhiteElo "2313"]
[BlackElo "2419"]
[PlyCount "43"]
[EventDate "2012.10.27"]
[EventType "team-tourn"]
[EventRounds "9"]
[WhiteTeam "Nordkalotten"]
[BlackTeam "TeamNordeaSkb"]
[WhiteTeamCountry "DEN"]
[BlackTeamCountry "DEN"]

1. d4 d5 2. c4 c6 3. Nf3 Nf6 4. e3 a6 5. Bd3 Bg4 6. Nbd2 Nbd7 7. Qc2 e6 8. O-O
Bd6 9. b3 Qb8 10. Bb2 Bh5 11. h3 O-O 12. Ng5 h6 13. Ngf3 Bxf3 14. Nxf3 e5 15.
dxe5 Nxe5 16. Nxe5 Bxe5 17. Rfd1 Re8 18. Rac1 dxc4 19. Bxc4 Bxb2 20. Qxb2 Qc7
21. Be2 Rad8 22. Bf3 1/2-1/2

[Event "XtraCon-Skakligaen"]
[Site "Denmark"]
[Date "2012.10.28"]
[Round "2.5"]
[White "Boe, Mads"]
[Black "Hove, Esben Kjems"]
[Result "1/2-1/2"]
[WhiteElo "2362"]
[BlackElo "2267"]
[PlyCount "25"]
[EventDate "2012.10.27"]
[EventType "team-tourn"]
[EventRounds "9"]
[WhiteTeam "TeamNordeaSkb"]
[BlackTeam "Nordkalotten"]
[WhiteTeamCountry "DEN"]
[BlackTeamCountry "DEN"]

1. d4 d5 2. Nf3 Nf6 3. c3 c6 4. Bf4 Bf5 5. e3 Nbd7 6. h3 h6 7. Be2 e6 8. Qb3
Qb6 9. O-O Be7 10. Nbd2 O-O 11. c4 dxc4 12. Bxc4 c5 13. dxc5 1/2-1/2

[Event "XtraCon-Skakligaen"]
[Site "Denmark"]
[Date "2012.10.28"]
[Round "2.6"]
[White "Pedersen, Daniel V"]
[Black "Andersen, Jackie"]
[Result "1/2-1/2"]
[WhiteElo "2274"]
[BlackElo "2345"]
[PlyCount "28"]
[EventDate "2012.10.27"]
[EventType "team-tourn"]
[EventRounds "9"]
[WhiteTeam "Nordkalotten"]
[BlackTeam "TeamNordeaSkb"]
[WhiteTeamCountry "DEN"]
[BlackTeamCountry "DEN"]

1. e4 g6 2. d4 Nf6 3. e5 Nh5 4. Nf3 d6 5. Bc4 Nc6 6. Qe2 d5 7. Bb3 Na5 8. Ba4+
Bd7 9. Bxd7+ Qxd7 10. O-O a6 11. h3 Ng7 12. Bh6 Ne6 13. Bxf8 Rxf8 14. Nbd2 Qb5
1/2-1/2

[Event "XtraCon-Skakligaen"]
[Site "Denmark"]
[Date "2012.10.28"]
[Round "2.7"]
[White "Pedersen, Jan Rode"]
[Black "Jakobsen, Peter"]
[Result "1-0"]
[WhiteElo "2215"]
[BlackElo "2255"]
[PlyCount "75"]
[EventDate "2012.10.27"]
[EventType "team-tourn"]
[EventRounds "9"]
[WhiteTeam "TeamNordeaSkb"]
[BlackTeam "Nordkalotten"]
[WhiteTeamCountry "DEN"]
[BlackTeamCountry "DEN"]

1. e4 c5 2. Nf3 d6 3. d4 cxd4 4. Nxd4 Nf6 5. Nc3 a6 6. a4 e6 7. Be3 Be7 8. Bd3
O-O 9. O-O Nc6 10. Nxc6 bxc6 11. f4 e5 12. fxe5 Ng4 13. Qe2 Nxe5 14. h3 a5 15.
Rf2 Rb8 16. b3 Bf6 17. Rd1 Be6 18. Qd2 Qe7 19. Ne2 Rb4 20. Nd4 c5 21. Nf3 Rc8
22. Ba6 Nxf3+ 23. Rxf3 Rd8 24. e5 Bxe5 25. Bxc5 Rbb8 26. Bf2 Qc7 27. Bd3 g6 28.
Bh4 Rf8 29. Bf6 Qc5+ 30. Kh1 Qd4 31. Bxe5 dxe5 32. Qxa5 e4 33. Be2 Qb2 34. Qc3
Qxc3 35. Rxc3 Rfc8 36. Rxc8+ Rxc8 37. c4 Rb8 38. Rb1 1-0

[Event "XtraCon-Skakligaen"]
[Site "Denmark"]
[Date "2012.10.28"]
[Round "2.8"]
[White "Ejsing, Esben"]
[Black "Seegert, Kristian"]
[Result "0-1"]
[WhiteElo "2159"]
[BlackElo "2148"]
[PlyCount "50"]
[EventDate "2012.10.27"]
[EventType "team-tourn"]
[EventRounds "9"]
[WhiteTeam "Nordkalotten"]
[BlackTeam "TeamNordeaSkb"]
[WhiteTeamCountry "DEN"]
[BlackTeamCountry "DEN"]

1. c4 e5 2. g3 Nc6 3. Bg2 Nf6 4. d3 Bc5 5. Nc3 d6 6. a3 a5 7. Rb1 O-O 8. e3 Be6
9. Nge2 d5 10. cxd5 Nxd5 11. O-O Qd7 12. Qc2 Nf6 13. Rd1 Rad8 14. Na4 Ba7 15.
b4 axb4 16. axb4 Bf5 17. Rb3 e4 18. d4 Ne5 19. Nc5 Bxc5 20. Qxc5 Nf3+ 21. Kh1
Ng4 22. Rf1 Nfxh2 23. Re1 Qe6 24. Rb2 Nf3 25. Bxf3 Qh6+ 0-1

[Event "XtraCon-Skakligaen"]
[Site "Denmark"]
[Date "2012.10.28"]
[Round "2.1"]
[White "Matthiesen, Arne"]
[Black "Hansen, Mads Smith"]
[Result "1/2-1/2"]
[WhiteElo "2345"]
[BlackElo "2364"]
[PlyCount "45"]
[EventDate "2012.10.27"]
[EventType "team-tourn"]
[EventRounds "9"]
[WhiteTeam "SK1968"]
[BlackTeam "Obro"]
[WhiteTeamCountry "DEN"]
[BlackTeamCountry "DEN"]

1. d4 Nf6 2. Nf3 g6 3. c4 Bg7 4. g3 O-O 5. Bg2 d6 6. O-O Nc6 7. Nc3 Bf5 8. d5
Na5 9. Nd4 Bd7 10. b3 c5 11. dxc6 Nxc6 12. e3 a6 13. Bb2 Qa5 14. Qe2 Rfc8 15.
Rfd1 Rab8 16. Nxc6 Bxc6 17. Bxc6 Rxc6 18. Nd5 Nxd5 19. Rxd5 Rc5 20. Rxc5 Qxc5
21. Bxg7 Kxg7 22. Qb2+ Kg8 23. Rc1 1/2-1/2

[Event "XtraCon-Skakligaen"]
[Site "Denmark"]
[Date "2012.10.28"]
[Round "2.2"]
[White "Hansen, Soren Bech"]
[Black "Hansen, Lars"]
[Result "1/2-1/2"]
[WhiteElo "2329"]
[BlackElo "2267"]
[PlyCount "65"]
[EventDate "2012.10.27"]
[EventType "team-tourn"]
[EventRounds "9"]
[WhiteTeam "Obro"]
[BlackTeam "SK1968"]
[WhiteTeamCountry "DEN"]
[BlackTeamCountry "DEN"]

1. e4 e6 2. d4 d5 3. e5 c5 4. c3 Qb6 5. Nf3 Nc6 6. a3 Nge7 7. b4 cxd4 8. cxd4
Nf5 9. Bb2 Bd7 10. Be2 Rc8 11. O-O Be7 12. Qd2 O-O 13. Rd1 f6 14. Nc3 fxe5 15.
dxe5 Nd8 16. Bd3 Nh4 17. Nxh4 Bxh4 18. Rf1 Nf7 19. Rae1 Bg5 20. Qe2 Nh6 21. Nd1
Nf5 22. Kh1 Bh6 23. f4 Ne7 24. Qg4 Be8 25. f5 exf5 26. Bxf5 Nxf5 27. Rxf5 Bg6
28. Rxf8+ Rxf8 29. e6 Qb5 30. Bd4 Rf1+ 31. Rxf1 Qxf1+ 32. Bg1 Qf6 33. Ne3
1/2-1/2

[Event "XtraCon-Skakligaen"]
[Site "Denmark"]
[Date "2012.10.28"]
[Round "2.4"]
[White "Jorgensen, Dennis"]
[Black "Matthiesen, Martin"]
[Result "1/2-1/2"]
[WhiteElo "2207"]
[BlackElo "2266"]
[PlyCount "70"]
[EventDate "2012.10.27"]
[EventType "team-tourn"]
[EventRounds "9"]
[WhiteTeam "Obro"]
[BlackTeam "SK1968"]
[WhiteTeamCountry "DEN"]
[BlackTeamCountry "DEN"]

1. d4 Nf6 2. c4 e6 3. Nf3 d5 4. g3 Be7 5. Bg2 O-O 6. O-O dxc4 7. Qc2 a6 8. Qxc4
b5 9. Qc2 Bb7 10. Bd2 Ra7 11. Rd1 Nbd7 12. Bg5 Qa8 13. Nbd2 Rc8 14. Nb3 c5 15.
Bxf6 Bxf6 16. dxc5 Be4 17. Qd2 Nxc5 18. Nxc5 Rxc5 19. Ne1 Bxg2 20. Nxg2 Rd5 21.
Qc2 Rad7 22. Ne3 Rd4 23. Rac1 g6 24. b3 h5 25. Rxd4 Bxd4 26. Qc8+ Qxc8 27.
Rxc8+ Kg7 28. Nc2 Bf6 29. Nb4 Rd2 30. Rc2 Rd1+ 31. Kg2 a5 32. Nd3 Ra1 33. Kf3
a4 34. Rc5 Rxa2 35. Rxb5 axb3 1/2-1/2

[Event "XtraCon-Skakligaen"]
[Site "Denmark"]
[Date "2012.10.28"]
[Round "2.5"]
[White "Rewitz, Poul"]
[Black "Kaaber Hansen, Jacob"]
[Result "1/2-1/2"]
[WhiteElo "2252"]
[BlackElo "2257"]
[PlyCount "212"]
[EventDate "2012.10.27"]
[EventType "team-tourn"]
[EventRounds "9"]
[WhiteTeam "SK1968"]
[BlackTeam "Obro"]
[WhiteTeamCountry "DEN"]
[BlackTeamCountry "DEN"]

1. d4 d5 2. Bf4 Nf6 3. e3 c5 4. c3 Nc6 5. Nd2 Qb6 6. Qc2 g6 7. Ngf3 Bg7 8. Be2
O-O 9. O-O Bf5 10. Qb3 Qxb3 11. axb3 Nd7 12. Rfd1 Rac8 13. Bb5 a6 14. Bxc6 Rxc6
15. h3 cxd4 16. Nxd4 Rcc8 17. Bh2 Bd3 18. N2f3 Be4 19. Ng5 Nc5 20. Nxe4 Nxe4
21. b4 e6 22. Nb3 Rfd8 23. Na5 Rd7 24. f3 Nf6 25. Kf1 Re7 26. Bd6 Rd7 27. Bg3
Bf8 28. Ke2 Be7 29. Rd3 Bd8 30. Nb3 Bb6 31. Rad1 Rdd8 32. Bh4 Kg7 33. g4 Re8
34. Bg3 Bc7 35. Bxc7 Rxc7 36. Nd4 h6 37. b5 e5 38. Nc2 a5 39. h4 g5 40. hxg5
hxg5 41. R3d2 Rh8 42. Kf2 Rc5 43. Na3 Rcc8 44. Rf1 Rh3 45. Ke2 Rh2+ 46. Kd1
Rxd2+ 47. Kxd2 Rh8 48. c4 Rh2+ 49. Kc1 b6 50. Rd1 Rf2 51. cxd5 Rxf3 52. Nc4 Nd7
53. Nd6 Rf2 54. Nf5+ Kg8 55. Rh1 Nf6 56. d6 Rg2 57. Rd1 Nd7 58. Rd3 f6 59. Rc3
Kf7 60. Rc8 Rh2 61. Rd8 Nc5 62. Rc8 Ke6 63. Re8+ Kd7 64. Re7+ Kd8 65. Rc7 Nd3+
66. Kd1 Nxb2+ 67. Ke1 Nd3+ 68. Kf1 Nc5 69. Ne7 Ke8 70. Nd5 Nd7 71. e4 Rb2 72.
Ra7 a4 73. Rxa4 Kf7 74. Ra8 Rxb5 75. Nc7 Rb2 76. Re8 Nc5 77. Re7+ Kf8 78. Re8+
Kf7 79. Re7+ Kf8 80. Nd5 Rb1+ 81. Ke2 Rb2+ 82. Kd1 b5 83. Nxf6 Rb4 84. Nh7+ Kg8
85. Nf6+ Kf8 86. Rxe5 Rd4+ 87. Ke2 Rxd6 88. Nh7+ Kg7 89. Rxc5 Kxh7 90. Rxg5 Rb6
91. Kd2 Kh6 92. Rh5+ Kg6 93. Kc3 b4+ 94. Kb3 Re6 95. e5 Rb6 96. Rf5 Kg7 97. g5
Rb5 98. Kc4 Rb8 99. Rf3 Kg6 100. Rg3 Kf5 101. g6 Kxe5 102. g7 Rg8 103. Kxb4 Kf6
104. Rf3+ Kxg7 105. Rg3+ Kf7 106. Rxg8 Kxg8 1/2-1/2

[Event "XtraCon-Skakligaen"]
[Site "Denmark"]
[Date "2012.10.28"]
[Round "2.6"]
[White "Schou Moldt, Thomas"]
[Black "Bank, Pelle Rodkjaer"]
[Result "0-1"]
[WhiteElo "2226"]
[BlackElo "2220"]
[PlyCount "104"]
[EventDate "2012.10.27"]
[EventType "team-tourn"]
[EventRounds "9"]
[WhiteTeam "Obro"]
[BlackTeam "SK1968"]
[WhiteTeamCountry "DEN"]
[BlackTeamCountry "DEN"]

1. c4 g6 2. g3 Bg7 3. Bg2 d6 4. d4 Nf6 5. Nc3 O-O 6. Nf3 Nbd7 7. O-O e5 8. e3
Re8 9. Qc2 exd4 10. Nxd4 Ne5 11. Nd5 a6 12. h3 c5 13. f4 Nxd5 14. Bxd5 Bxh3 15.
fxe5 Bxf1 16. e6 fxe6 17. Nxe6 Rxe6 18. Bxe6+ Kh8 19. Bd2 Qe7 20. Bg4 Qg5 21.
Qe4 Bd3 22. Qxd3 Qxg4 23. Qxd6 Qg5 24. Rf1 Rd8 25. Bc3 Qxe3+ 26. Kh1 Qe4+ 27.
Kg1 Bd4+ 28. Bxd4+ Qxd4+ 29. Qxd4+ Rxd4 30. b3 Kg7 31. Rf2 h5 32. Kg2 a5 33.
Kh3 Rd3 34. Re2 Kf6 35. Kh4 Rd4+ 36. Kh3 a4 37. Re8 axb3 38. axb3 Rd3 39. Rc8
b6 40. Rc6+ Kg5 41. Rxb6 h4 42. Rc6 Rxg3+ 43. Kh2 Kf4 44. Rxc5 Rxb3 45. Rc8 Rc3
46. c5 g5 47. Rf8+ Kg4 48. Rc8 Rc2+ 49. Kg1 Kg3 50. Kf1 h3 51. c6 h2 52. c7
h1=Q# 0-1

[Event "XtraCon-Skakligaen"]
[Site "Denmark"]
[Date "2012.10.28"]
[Round "2.7"]
[White "Christensen, Thomas"]
[Black "Thestrup, Sixten"]
[Result "0-1"]
[WhiteElo "2248"]
[BlackElo "2072"]
[PlyCount "210"]
[EventDate "2012.10.27"]
[EventType "team-tourn"]
[EventRounds "9"]
[WhiteTeam "SK1968"]
[BlackTeam "Obro"]
[WhiteTeamCountry "DEN"]
[BlackTeamCountry "DEN"]

1. d4 d6 2. Nf3 Bg4 3. c4 Bxf3 4. gxf3 c5 5. d5 g6 6. Nc3 Bg7 7. Qd3 Nd7 8. f4
Ngf6 9. Bg2 Qa5 10. Bd2 a6 11. h4 Rb8 12. b3 Nh5 13. e3 Qc7 14. Rd1 O-O 15. Bf3
Ndf6 16. Rg1 Qd7 17. e4 Qh3 18. Rh1 Qc8 19. Qe2 e5 20. fxe5 dxe5 21. Be3 Nf4
22. Qd2 N6h5 23. Na4 b6 24. b4 b5 25. Nxc5 bxc4 26. d6 Qc6 27. Qc3 Qb5 28. a3
Rfd8 29. Bxh5 Nxh5 30. Bg5 Nf6 31. Qxe5 Re8 32. Qf4 Nd7 33. Nxd7 Qxd7 34. Be7
Bc3+ 35. Kf1 Rbc8 36. Kg2 Bb2 37. h5 Qe6 38. hxg6 fxg6 39. d7 Qxe7 40. dxc8=Q
Rxc8 41. Qg4 Rc7 42. Rd5 c3 43. Rhd1 c2 44. Rd8+ Kf7 45. R8d7 Rxd7 46. Rxd7
c1=Q 47. Rxe7+ Kxe7 48. Qh4+ Kf7 49. Qxh7+ Bg7 50. Qh3 Qg5+ 51. Kf1 Qb5+ 52.
Kg2 Qc6 53. Qd3 Be5 54. a4 Qf6 55. Qd7+ Kg8 56. Qc8+ Kg7 57. Qd7+ Kh6 58. Qh3+
Kg5 59. Qd3 Qf4 60. b5 axb5 61. axb5 Qg4+ 62. Kf1 Kh4 63. Qd8+ Qg5 64. Qd5 Qf6
65. Qd3 Qe6 66. Ke1 Qd6 67. Qf3 Qb4+ 68. Kf1 Qxb5+ 69. Kg2 Qd7 70. Qf8 Qg4+ 71.
Kf1 Qxe4 72. Qh6+ Kg4 73. Qd2 Bf4 74. Qd7+ Qf5 75. Qd4 Qb1+ 76. Kg2 Qb7+ 77.
Kg1 Qf3 78. Qd7+ Kh5 79. Qh7+ Bh6 80. Qh8 Qh3 81. Qe5+ Bg5 82. Qh8+ Bh6 83.
Qe5+ Qf5 84. Qh8 Qf4 85. Qa8 Bg5 86. Qb7 Bh4 87. Qh7+ Kg5 88. Qe7+ Kh6 89. Qe2
Qc1+ 90. Kg2 Qc6+ 91. Kg1 Qc5 92. Qb2 Qf5 93. Qh8+ Kg5 94. Qd8+ Kg4 95. Qd4+
Kg5 96. Qd8+ Qf6 97. Qd2+ Kg4 98. Qe2+ Qf3 99. Qe6+ Kh5 100. Qe5+ g5 101. Qh8+
Kg4 102. Qd4+ Kh3 103. Kf1 Kh2 104. Qe5+ Qf4 105. Qb2 Qxf2+ 0-1

[Event "XtraCon-Skakligaen"]
[Site "Denmark"]
[Date "2012.10.28"]
[Round "2.8"]
[White "Rhee, Alexander"]
[Black "Pedersen, Gunnar"]
[Result "1/2-1/2"]
[WhiteElo "2183"]
[BlackElo "2231"]
[PlyCount "46"]
[EventDate "2012.10.27"]
[EventType "team-tourn"]
[EventRounds "9"]
[WhiteTeam "Obro"]
[BlackTeam "SK1968"]
[WhiteTeamCountry "DEN"]
[BlackTeamCountry "DEN"]

1. c4 e6 2. Nc3 d5 3. d4 Nf6 4. cxd5 exd5 5. Bg5 c6 6. e3 Be7 7. Bd3 O-O 8. Qc2
Nbd7 9. O-O-O Re8 10. Bh4 Nf8 11. f3 Be6 12. Nge2 Rc8 13. e4 dxe4 14. fxe4 Ng4
15. Bxe7 Qxe7 16. Rde1 Nf2 17. Rhf1 Nxd3+ 18. Qxd3 b5 19. d5 cxd5 20. exd5 b4
21. dxe6 Nxe6 22. Kb1 bxc3 23. Nxc3 Red8 1/2-1/2

[Event "XtraCon-Skakligaen"]
[Site "Denmark"]
[Date "2012.10.28"]
[Round "2.1"]
[White "Teplyi, Igor"]
[Black "Hagen, Andreas Skytte"]
[Result "1/2-1/2"]
[WhiteElo "2386"]
[BlackElo "2416"]
[PlyCount "60"]
[EventDate "2012.10.27"]
[EventType "team-tourn"]
[EventRounds "9"]
[WhiteTeam "Nordre"]
[BlackTeam "K41"]
[WhiteTeamCountry "DEN"]
[BlackTeamCountry "DEN"]

1. Nf3 Nf6 2. c4 g6 3. Nc3 Bg7 4. e4 d6 5. d4 O-O 6. h3 e5 7. d5 Nh5 8. Be3 f5
9. b4 a5 10. a3 axb4 11. axb4 Rxa1 12. Qxa1 Na6 13. Qa3 Nf6 14. Bd3 fxe4 15.
Nxe4 Bf5 16. Nfg5 Nxe4 17. Nxe4 Bxe4 18. Bxe4 Qh4 19. Bd3 Bh6 20. g3 Qf6 21.
O-O Bxe3 22. fxe3 Qg5 23. Rxf8+ Kxf8 24. Kf2 Qh5 25. c5 Qxh3 26. c6 Qh2+ 27.
Kf1 Qh3+ 28. Kf2 Qh2+ 29. Kf1 Qh3+ 30. Kf2 Qh2+ 1/2-1/2

[Event "XtraCon-Skakligaen"]
[Site "Denmark"]
[Date "2012.10.28"]
[Round "2.2"]
[White "Nilsson, Sebastian"]
[Black "Sloth, Jorn"]
[Result "1/2-1/2"]
[WhiteElo "2330"]
[BlackElo "2340"]
[PlyCount "29"]
[EventDate "2012.10.27"]
[EventType "team-tourn"]
[EventRounds "9"]
[WhiteTeam "K41"]
[BlackTeam "Nordre"]
[WhiteTeamCountry "DEN"]
[BlackTeamCountry "DEN"]

1. e4 e6 2. d4 d5 3. Nc3 Nf6 4. Bg5 dxe4 5. Nxe4 Be7 6. Bxf6 gxf6 7. Qd3 Nc6 8.
Nf3 b6 9. Nc3 Bb7 10. O-O-O Nb4 11. Qb5+ c6 12. Qh5 Qc7 13. Kb1 h6 14. Ne4 Nd5
15. g3 1/2-1/2

[Event "XtraCon-Skakligaen"]
[Site "Denmark"]
[Date "2012.10.28"]
[Round "2.3"]
[White "Petersen, Tom Petri"]
[Black "Brinck Claussen, Bjorn"]
[Result "1-0"]
[WhiteElo "2331"]
[BlackElo "2260"]
[PlyCount "43"]
[EventDate "2012.10.27"]
[EventType "team-tourn"]
[EventRounds "9"]
[WhiteTeam "Nordre"]
[BlackTeam "K41"]
[WhiteTeamCountry "DEN"]
[BlackTeamCountry "DEN"]

1. Nf3 c5 2. g3 Nc6 3. Bg2 g6 4. O-O Bg7 5. c4 e5 6. Nc3 d6 7. d3 Nge7 8. a3
O-O 9. Rb1 f5 10. Bd2 Kh8 11. b4 Rb8 12. Qc1 Be6 13. Bh6 Qd7 14. Bxg7+ Kxg7 15.
bxc5 dxc5 16. Qe3 f4 17. Qxc5 b6 18. Qb5 a6 19. Qxa6 Bh3 20. Rxb6 fxg3 21. hxg3
Ra8 22. Qb7 1-0

[Event "XtraCon-Skakligaen"]
[Site "Denmark"]
[Date "2012.10.28"]
[Round "2.4"]
[White "Naes, Flovin Tor"]
[Black "Veng, Johny"]
[Result "1-0"]
[WhiteElo "2271"]
[BlackElo "2239"]
[PlyCount "95"]
[EventDate "2012.10.27"]
[EventType "team-tourn"]
[EventRounds "9"]
[WhiteTeam "K41"]
[BlackTeam "Nordre"]
[WhiteTeamCountry "DEN"]
[BlackTeamCountry "DEN"]

1. d4 Nf6 2. Nf3 g6 3. c4 Bg7 4. g3 d5 5. cxd5 Nxd5 6. Bg2 Nb6 7. O-O Nc6 8. e3
O-O 9. Nc3 Re8 10. Qc2 a5 11. Rd1 Bf5 12. e4 Bg4 13. Nb5 Bxf3 14. Bxf3 Nxd4 15.
Nxd4 Bxd4 16. e5 c5 17. Bxb7 Rb8 18. Bc6 Rf8 19. Be3 Nd5 20. Bxd4 cxd4 21. Qe4
e6 22. Qxd4 Rb4 23. Qc5 Qc7 24. Qd6 Qxd6 25. exd6 Rxb2 26. Bxd5 exd5 27. Rxd5
Rd8 28. a4 Rb4 29. Kf1 Kg7 30. Ra2 Kf6 31. h4 h5 32. Rxa5 Rxd6 33. Rc5 Rdd4 34.
a5 Ra4 35. Rcc2 Rd1+ 36. Ke2 Ra1 37. Rxa1 Rxa1 38. Rc5 Ra3 39. Kd2 Kg7 40. Kc2
Ra2+ 41. Kb3 Rxf2 42. a6 Re2 43. Ra5 Re8 44. a7 Ra8 45. Kc4 Kf6 46. Kc5 Kf5 47.
Kb6+ Kg4 48. Rg5+ 1-0

[Event "XtraCon-Skakligaen"]
[Site "Denmark"]
[Date "2012.10.28"]
[Round "2.5"]
[White "Christensen, Jan Schleicher"]
[Black "Laursen, Niels Norskov"]
[Result "1/2-1/2"]
[WhiteElo "2252"]
[BlackElo "2261"]
[PlyCount "49"]
[EventDate "2012.10.27"]
[EventType "team-tourn"]
[EventRounds "9"]
[WhiteTeam "Nordre"]
[BlackTeam "K41"]
[WhiteTeamCountry "DEN"]
[BlackTeamCountry "DEN"]

1. d4 Nf6 2. Nf3 c5 3. d5 b5 4. Bg5 Ne4 5. Bh4 Qa5+ 6. Nbd2 e6 7. dxe6 fxe6 8.
a4 bxa4 9. c3 Nxd2 10. Nxd2 Nc6 11. e4 Ne5 12. Qh5+ Nf7 13. Nc4 Qc7 14. Bg3 Qc6
15. Qxf7+ Kxf7 16. Ne5+ Kf6 17. Nxc6 dxc6 18. e5+ Kf7 19. Rxa4 Be7 20. Rf4+ Ke8
21. Bc4 a5 22. O-O Ba6 23. Ra1 Bxc4 24. Rxc4 Kd7 25. f4 1/2-1/2

[Event "XtraCon-Skakligaen"]
[Site "Denmark"]
[Date "2012.10.28"]
[Round "2.6"]
[White "Schmidt, Kristen"]
[Black "Nielsen, Poul Erik"]
[Result "1-0"]
[WhiteElo "2264"]
[BlackElo "2215"]
[PlyCount "141"]
[EventDate "2012.10.27"]
[EventType "team-tourn"]
[EventRounds "9"]
[WhiteTeam "K41"]
[BlackTeam "Nordre"]
[WhiteTeamCountry "DEN"]
[BlackTeamCountry "DEN"]

1. e4 d6 2. d4 Nf6 3. Nc3 e5 4. dxe5 dxe5 5. Qxd8+ Kxd8 6. Bg5 Bd6 7. Bc4 Be6
8. Bxe6 fxe6 9. f3 a6 10. Nge2 Ke7 11. O-O-O Nbd7 12. Rd2 h6 13. Be3 Bc5 14.
Nd1 b5 15. Bxc5+ Nxc5 16. Ne3 g5 17. Rhd1 Rad8 18. Rxd8 Rxd8 19. Rxd8 Kxd8 20.
Kd2 Kd7 21. b4 Nb7 22. c4 c6 23. c5 Nd8 24. Nc1 Nf7 25. Nd3 Ke7 26. Ke2 Nd7 27.
g3 Kf6 28. Ng2 h5 29. h4 gxh4 30. Nxh4 Nh8 31. Kf2 Nf7 32. Ke3 Kg5 33. Nf2 Nh6
34. Ng2 Nf8 35. Nh4 Ng6 36. Nxg6 Kxg6 37. Nd3 Kf6 38. Kf2 Nf7 39. Ke2 Kg5 40.
Ke3 Kf6 41. f4 exf4+ 42. Nxf4 Ke5 43. Nxh5 Ng5 44. Nf4 Nf7 45. Nd3+ Kf6 46. Kf4
e5+ 47. Kg4 Kg6 48. Kh4 Kh6 49. g4 Kg6 50. g5 Nxg5 51. Nxe5+ Kf6 52. Ng4+ Kg6
53. Nf2 Nf3+ 54. Kg3 Nd4 55. Nd3 Kf6 56. Kf2 Nc2 57. Ke2 Nd4+ 58. Kd2 Ke6 59.
Ne1 Kf6 60. Ke3 Ne6 61. Nf3 Nd8 62. a3 Ke6 63. Kf4 Nb7 64. Ng5+ Kf6 65. e5+ Ke7
66. Kf5 a5 67. e6 a4 68. Nf3 Nd8 69. Nd4 Kf8 70. Kf6 Ke8 71. Nf5 1-0